| 000 | 00721 a2200169 4500 | ||
|---|---|---|---|
| 003 | Nust | ||
| 005 | 20170207154438.0 | ||
| 040 | _cNust | ||
| 082 | _a050 | ||
| 100 | _aMaj Gen Athar Abbas,HI(M) | ||
| 245 |
_aHilal October-2011 _cMaj Gen Athar Abbas,HI(M) |
||
| 250 | _a4, Volume 48 | ||
| 260 |
_aRawalpindi,Pakistan _bISPR Dte _cOctober-2011 |
||
| 300 | _aEnglish-42 & Urdu-54p; | ||
| 505 | _aPak-China Friendship year (Page-4) World Teacher’s Day Special (Page-13) Economic Profile (Page-17) Food for Thought (page-16) Serious Notes (Page-19) Valiant Heroes (Page-23) Flods-2011 (Page-27) Why Don’t We Learn from History? (Page-29) Health Watch (Page-30) News & Updates (Page-36) | ||
| 538 | _aAlmirah No.137 Shelf No.5 | ||
| 942 | _cMAGS | ||
| 999 |
_c197732 _d197732 |
||